<?xml version="1.0" encoding="UTF-8"?>
<collection xmlns="http://www.loc.gov/MARC21/slim">
 <record>
  <leader>01438nam a2200253   4500</leader>
  <controlfield tag="001">1/46087</controlfield>
  <controlfield tag="008">160115s2012    gr       b    0 11  gre d</controlfield>
  <datafield tag="020" ind1=" " ind2=" ">
   <subfield code="a">9789605620325</subfield>
  </datafield>
  <datafield tag="035" ind1=" " ind2=" ">
   <subfield code="l">49058</subfield>
  </datafield>
  <datafield tag="040" ind1=" " ind2=" ">
   <subfield code="a">GR-PeUP</subfield>
  </datafield>
  <datafield tag="082" ind1="0" ind2="0">
   <subfield code="a">346.07 ΣΠΥ</subfield>
  </datafield>
  <datafield tag="100" ind1="1" ind2=" ">
   <subfield code="a">Σπυρίδωνος, Αλέξανδρος Π.</subfield>
  </datafield>
  <datafield tag="245" ind1="1" ind2="0">
   <subfield code="a">Δίκαιο ΙΚΕ &amp; ΕΠΕ :</subfield>
   <subfield code="b">ερμηνεία κατ' άρθρο. Νομοθεσία - νομολογία - πίνακες - υποδείγματα: συγκριτική παράθεση και αξιολόγηση των δύο εταιρικών τύπων /</subfield>
   <subfield code="c">Αλέξανδρος Π. Σπυρίδωνος; με τη συμμετοχή Ν. Σγουρινάκη, λογιστή - φοροτεχνικού.</subfield>
  </datafield>
  <datafield tag="260" ind1=" " ind2=" ">
   <subfield code="a">Αθήνα :</subfield>
   <subfield code="b">Νομική Βιβλιοθήκη,</subfield>
   <subfield code="c">2012.</subfield>
  </datafield>
  <datafield tag="300" ind1=" " ind2=" ">
   <subfield code="a">lxxi, 1174 σ. ;</subfield>
   <subfield code="b">εικ., πίν.</subfield>
   <subfield code="c">24 εκ.</subfield>
  </datafield>
  <datafield tag="504" ind1=" " ind2=" ">
   <subfield code="a">Βιβλιογραφία: σ. 1147-1150.</subfield>
  </datafield>
  <datafield tag="504" ind1=" " ind2=" ">
   <subfield code="a">Περιέχει βιβλιογραφικές αναφορές.</subfield>
  </datafield>
  <datafield tag="504" ind1=" " ind2=" ">
   <subfield code="a">Ευρετήριο: σ. 1161-1174.</subfield>
  </datafield>
  <datafield tag="650" ind1=" " ind2="4">
   <subfield code="a">Δίκαιο εταιρειών.</subfield>
  </datafield>
  <datafield tag="650" ind1=" " ind2="4">
   <subfield code="a">Εμπορικό δίκαιο.</subfield>
  </datafield>
  <datafield tag="650" ind1=" " ind2="4">
   <subfield code="a">Corporation law.</subfield>
  </datafield>
  <datafield tag="650" ind1=" " ind2="4">
   <subfield code="a">Commercial law.</subfield>
  </datafield>
  <datafield tag="852" ind1=" " ind2=" ">
   <subfield code="a">INST</subfield>
   <subfield code="b">UNIPILB</subfield>
   <subfield code="c">MAIN</subfield>
   <subfield code="e">20160115</subfield>
   <subfield code="h">346.07 ΣΠΥ</subfield>
   <subfield code="p">00174583</subfield>
   <subfield code="q">00174583</subfield>
   <subfield code="t">ODE</subfield>
   <subfield code="y">4</subfield>
   <subfield code="x">20211014</subfield>
   <subfield code="4">1</subfield>
  </datafield>
  <datafield tag="852" ind1=" " ind2=" ">
   <subfield code="a">INST</subfield>
   <subfield code="b">UNIPILB</subfield>
   <subfield code="c">MAIN</subfield>
   <subfield code="e">20160115</subfield>
   <subfield code="h">346.07 ΣΠΥ</subfield>
   <subfield code="p">00174584</subfield>
   <subfield code="q">00174584</subfield>
   <subfield code="t">ODE</subfield>
   <subfield code="y">0</subfield>
   <subfield code="4">2</subfield>
  </datafield>
 </record>
</collection>
